|
|
|
|
| LEADER |
00992nam a22002292a 4500 |
| 001 |
001779850 |
| 003 |
CZ BrMZK |
| 005 |
20201211102804.0 |
| 007 |
ta |
| 008 |
201211s1949 xr er|||||||||||cze d |
| 015 |
|
|
|a cnb000715015
|
| 035 |
|
|
|a (OCoLC)85434819
|
| 040 |
|
|
|a ABA001
|b cze
|c CBA001
|d ABA001
|d BOA001
|
| 110 |
2 |
|
|a Revoluční odborové hnutí.
|b Ústřední rada odborů.
|b Kulturně propagační oddělení
|7 kn20050408020
|
| 245 |
1 |
0 |
|a Recitujeme na schůzích k II. všeodborovému sjezdu ROH /
|c Revoluční odborové hnutí. Ústřední kulturně-propagační oddělení. Praha
|
| 260 |
|
|
|a Praha :
|b Ústřední kulturně-propagační oddělení ÚRO,
|c 1949
|f (Rozmn. odd. ÚRO)
|
| 300 |
|
|
|a 15 s. ;
|c 30 cm
|
| 910 |
|
|
|a BOA001
|b X2-0240.344
|
| 990 |
|
|
|a BK
|
| 991 |
|
|
|b 202012
|
| 996 |
7 |
|
|b 2618883254
|c X2-0240.344
|l MZK
|r Sklad / do 24 hodin
|n 0
|w 001837773
|u 000010
|a 1
|e BOA001
|j MZK50
|s A
|
| 996 |
6 |
|
|b 2618883255
|c X2-0240.344
|l MZK
|r Sklad / do 24 hodin
|n 0
|w 001837773
|u 000020
|a 1
|e BOA001
|j MZK50
|s P
|